[Event "Styrian op U08/12 26th"]
[Site "Mureck"]
[Date "2019.08.03"]
[Round "4"]
[White "Schramml, Fabian"]
[Black "Bauer, Simon"]
[Result "1/2-1/2"]
[WhiteElo "1253"]
[BlackElo "1321"]
[PlyCount "54"]
[EventDate "2019.07.31"]
[EventType "swiss"]
[EventRounds "9"]
[EventCountry "AUT"]
[SourceTitle "EXT 2020"]
[Source "ChessBase"]
[SourceDate "2019.10.17"]
[SourceVersion "1"]
[SourceVersionDate "2019.10.17"]
[SourceQuality "1"]

1. d4 d5 2. Nf3 Nf6 3. c3 Bf5 4. Bg5 e6 5. e3 Nbd7 6. Bd3 Bxd3 7. Qxd3 Be7 8. Nbd2 0-0 9. 0-0 h6 10. Bh4 c5 11. Rfe1 b6 12. Rac1 Rc8 13. Qe2 Re8 14. h3 Qc7 15. Bg3 Bd6 16. Bxd6 Qxd6 17. Qa6 Qc7 18. Qe2 e5 19. Nf1 e4 20. N3d2 Re6 21. Ng3 Nh7 22. Qg4 g5 23. Nf5 Qd8 24. Ng3 Qc7 25. Nf5 Qd8 26. Ng3 Qc7 27. Nf5 Qd8 1/2-1/2